Devine le rappeur 12 - Statistiques

Statistiques générales
  • Ce quiz a été pris 71 fois
  • Le résultat moyen est 19 sur 55
Statistiques - réponses
Hint Réponse % Correct
Y.2 diamants Damso
83%
Afro trap pt.7 (la puissance) Mhd
83%
Écrire Nekfeu
75%
Ryuk PNL
75%
Drill fr Gazo
73%
Petite fille Booba
68%
Laboratoire Werenoi
68%
Fuckboi Zola
63%
Arme de poing Ninho
61%
Jacque*** bag Sdm
58%
Bruxelles je t’aime Angèle
54%
10´ Laylow
54%
Pas ce soir PLK
54%
Monaco Guy2bezbar
53%
Pour deux âmes solitaires (part.2) Luidji
49%
Avec toi Oboy
49%
Philly flingo Alpha wann
47%
Mi Gyal Hamza
47%
Fetty wap Maes
47%
Alcantara Jul
44%
Sundance Népal
44%
Lune de fiel Mz
41%
Tempête Sch
39%
Déjà trouvé Dadju
36%
Héra Georgio
32%
Lifestyle Josman
32%
Les parisiennes S crew
31%
En double appel Niro
29%
Guérison So la lune
29%
çalavie Wallace cleaver
27%
Suis-moi Alonzo
25%
Lessgui Luther
25%
Motel Ashh
24%
42 Aya nakamura
24%
Cinq heures du matin Jazzy bazz
24%
L’appel La fève
24%
Comme toi Tayc
24%
TNF Leto
22%
Shadow boxing Tif
22%
Poussière (affamé #14) Zamdane
20%
Mack le bizz freestyle Dinos
19%
Trop parler Franglish
17%
La bête (interlude) Houdi
17%
Interlude (album : arc-en-ciel) J9ueve
17%
PARDON Bb Jacques
15%
So Coman Kalash
12%
Fatigué Kaza
10%
Ça sert Nemir
8%
AVM Yg Pablo
8%
Menteuse Keblack
7%
Avant de dormir Lujipeka
3%
Mouvement historique Frenetik
2%
Ce soir ne nous appartient pas Lord esperanza
0%
Quand vient la nuit part 2 Monsieur nov
0%
La belle est la bête S pri noir
0%
Aucun quiz correspondant
Distribution des résultats
% des personnes avec chaque résultat
Percentile par nombre de réponses
Votre historique - résultats
Vous n’avez pas pris ce quiz